Culture Générale (P.1) - Statistiques

Statistiques générales
  • Ce quiz a été pris 579 fois
  • Le résultat moyen est 7 sur 15
Statistiques - réponses
Question Réponse % Correct
Planète la plus éloignée du soleil Neptune
79%
Quel est le seul pays au drapeau ni rectangulaire ni carré ? Népal
75%
Dans quel pays se situe le fleuve du Tibre ? Italie
61%
Année du sacre de Napoléon 1er 1804
59%
Qui a peint le célèbre tableau "Le Cri" ? Edvard Munch
58%
L'oeuvre des Rougon-Macquart a été écrite par : Émile Zola
55%
Quel est le seul oiseau à pouvoir voler à reculons ? Colibri
54%
Quel pays a remporté la 1ère Coupe du Monde se football en 1930 ? Uruguay
52%
De quelle arme Guillaume Tell se servait-il ? Arbalète
43%
Qui est le réalisateur de la trilogie du Seigneur des Anneaux ? Peter Jackson
32%
Qui est considéré comme le "premier historien" du monde ? Hérodote
22%
Nom de la femme ayant assassiné Marat dans son bain Charlotte Corday
21%
Dans quel pays est mort le Roi Saint-Louis ? (Louis IX) Tunisie
17%
Qui fut le 1er Premier Ministre de la 5e République ? Michel Debré
15%
L'ancienne appellation du mercure Vif-argent
9%
Aucun quiz correspondant
Distribution des résultats
% des personnes avec chaque résultat
Percentile par nombre de réponses
Votre historique - résultats
Vous n’avez pas pris ce quiz